000 00349nam a2200169Ia 4500
100 _aSukh/Shammi
650 _aPhilosophy
942 _cBK
366 _f25
654 _aBorm to rise
245 _aBorn to Rise
260 _bBetter Yourself Books
_aBandra
_c2003
082 _a170/SUK
_bSUK
300 _a64
546 _aENGLISH
999 _c21829
_d21829